Normal view
MARC view
- Yoshisuke, Kishida
Entry Personal Name
001 - CONTROL NUMBER
- control field: 7128
003 - CONTROL NUMBER IDENTIFIER
- control field: OSt
005 - DATE AND TIME OF LATEST TRANSACTION
- control field: 20250212111403.0
008 - FIXED-LENGTH DATA ELEMENTS
- fixed length control field: 250212|| aca||aabn | a|a d
040 ## - CATALOGING SOURCE
- Original cataloging agency: OSt
- Transcribing agency: OSt
100 ## - HEADING--PERSONAL NAME
- Personal name: Yoshisuke, Kishida
670 ## - SOURCE DATA FOUND
- Source citation: Work cat.: (OSt)19360: Yoshisuke, Kishida, Japanese Agricultural Machinery Catalogue, 1994.
